000 005410000a22002050004500
999 _c47392
_d47392
001 134
003 CO-MdFUSB
005 20171120183554.0
008 171115b xxu||||| |||| 00| 0 eng d
020 _a958-704-328-6
040 _cCO-MdBIC
082 0 4 _a863N Aj28cf
100 1 _aDahl, Roald (1916-1990 )
245 1 0 _aCharlie y la fabrica de chocolate / Roald Dahl, traduccíon : Verónica Head
260 _aBogotá : Alfaguara
300 _a171 P.
500 _awww.roalddahl.com
650 1 4 _aLiteratura Infantil
942 _cLGB